|
|
|
|
| LEADER |
00885nab a2200205 i 4500 |
| 001 |
acta6529 |
| 005 |
20220927151405.0 |
| 008 |
161015s1984 hu o 0|| hun d |
| 022 |
|
|
|a 0324-6523
|
| 040 |
|
|
|a SZTE Egyetemi Kiadványok Repozitórium
|b hun
|
| 041 |
|
|
|a hun
|
| 100 |
1 |
|
|a Horváth Róbert
|
| 245 |
1 |
3 |
|a Az 1929-33-as magyar pénzügyi válság főbb monetáris gazdasági jellegzetességei
|h [elektronikus dokumentum] /
|c Horváth Róbert
|
| 260 |
|
|
|a Szegedi Tudományegyetem Állam- és Jogtudományi Kara
|b Szeged
|c 1984
|
| 300 |
|
|
|a 1-102
|
| 490 |
0 |
|
|a Acta Universitatis Szegediensis : acta juridica et politica
|v 32 No. 1
|
| 650 |
|
4 |
|a Társadalomtudományok
|
| 650 |
|
4 |
|a Közgazdasági és gazdálkodástudományok
|
| 695 |
|
|
|a Pénzügyi válság - Magyarország - 1929-1933
|
| 856 |
4 |
0 |
|u http://acta.bibl.u-szeged.hu/6529/1/juridpol_032_fasc_001_001-102.pdf
|z Dokumentum-elérés
|